| 000 -LEADER |
| fixed length control field |
01767nam a22001457a 4500 |
| 008 - FIXED-LENGTH DATA ELEMENTS--GENERAL INFORMATION |
| fixed length control field |
201031b ||||| |||| 00| 0 eng d |
| 100 ## - MAIN ENTRY--PERSONAL NAME |
| Personal name |
Haan, Erzsi Meerstr-de, et al |
| 245 ## - TITLE STATEMENT |
| Title |
An initiators' Perspective on the continuity of citizens' initiatives in rural areas |
| 260 ## - PUBLICATION, DISTRIBUTION, ETC. (IMPRINT) |
| Place of publication, distribution, etc |
Rural Sociology |
| 300 ## - PHYSICAL DESCRIPTION |
| Extent |
85(1), Mar, 2020: p.213-234 |
| 520 ## - SUMMARY, ETC. |
| Summary, etc |
Against the backdrop of depopulation and the shift toward Big Society, citizens' initiatives in rural areas are believed to be able to mitigate the decline of service provision in rural regions. Consequently, this mitigation requires the continuity of such initiatives. However, so far, we lack an initiators' perspective on the relevance of this continuity and the factors influencing it. From a theoretical standpoint, continuity of citizens' initiatives can be understood at three levels: the participant, group, and initiative levels. Based on empirical data obtained from 157 questionnaires distributed to a variety of initiatives, and using regression analysis, the focus of this paper is twofold. First, how and at which level the initiators understand continuity of an initiative is considered. Second, factors influencing the expected continuity of an initiative are researched. The results reveal that continuity differs from merely being successful and is influenced by other factors as well. Furthermore, continuity on the initiative level—the realization of a certain goal—is most prominent in analyzing expected continuity. In conclusion, we explore the roles that citizens' initiatives can be expected to play in service provision and which levels of continuity align with these expectations.- Reproduced |
| 773 ## - HOST ITEM ENTRY |
| Main entry heading |
Rural Sociology |
| 906 ## - LOCAL DATA ELEMENT F, LDF (RLIN) |
| Subject DIP |
RURAL DEVELOPMENT |
| 942 ## - ADDED ENTRY ELEMENTS (KOHA) |
| Item type |
Articles |